<?xml version="1.0" encoding="UTF-8"?>
<record
    xmlns:xsi="http://www.w3.org/2001/XMLSchema-instance"
    xsi:schemaLocation="http://www.loc.gov/MARC21/slim http://www.loc.gov/standards/marcxml/schema/MARC21slim.xsd"
    xmlns="http://www.loc.gov/MARC21/slim">

  <leader>01623nam a22002417a 4500</leader>
  <datafield tag="999" ind1=" " ind2=" ">
    <subfield code="c">6374</subfield>
    <subfield code="d">6374</subfield>
  </datafield>
  <controlfield tag="003">DO-SdBJH</controlfield>
  <controlfield tag="005">20210803150416.0</controlfield>
  <controlfield tag="008">210727b           ||||| |||| 00| 0 spa d</controlfield>
  <datafield tag="040" ind1=" " ind2=" ">
    <subfield code="a">DO-SdBJH</subfield>
    <subfield code="b">spa</subfield>
    <subfield code="c">DO-SdBJH</subfield>
  </datafield>
  <datafield tag="090" ind1=" " ind2=" ">
    <subfield code="a">TG ANGM</subfield>
    <subfield code="b">01616 2019</subfield>
  </datafield>
  <datafield tag="100" ind1="1" ind2=" ">
    <subfield code="a">L&#xF3;pez Ventura, Gabriela</subfield>
    <subfield code="e">sustentante</subfield>
  </datafield>
  <datafield tag="245" ind1="1" ind2="0">
    <subfield code="a">Logros alanzados y resultados operacionales de la Direcci&#xF3;n de Inteligencia Naval (M-2), en la lucha contra la migraci&#xF3;n ilegal y otros delitos conexos en la Rep&#xFA;blica Dominicana (agosto 2018-octubre 2019) /</subfield>
    <subfield code="c">Gabriela L&#xF3;pez Ventura, Juan Rafael Rodr&#xED;guez Nolasco, asesores Feliz Ledesma, Juan Acosta Lucas</subfield>
  </datafield>
  <datafield tag="260" ind1=" " ind2=" ">
    <subfield code="a">Santo Domingo Este :</subfield>
    <subfield code="b">INSUDE, </subfield>
    <subfield code="c">2019</subfield>
  </datafield>
  <datafield tag="300" ind1=" " ind2=" ">
    <subfield code="a">v, 71 p&#xE1;ginas</subfield>
  </datafield>
  <datafield tag="502" ind1=" " ind2=" ">
    <subfield code="a">Trabajo de grado (Licenciado en Ciencias Navales). -- Instituto Superior para la Defensa (INSUDE). Academia Naval Marina de Guerra &#x201C;Vicealmirante Cesar D&#x2019;Windt Lavandier&#x201D;, 2019</subfield>
  </datafield>
  <datafield tag="504" ind1=" " ind2=" ">
    <subfield code="a">Incluye referencias bibliogr&#xE1;ficas e &#xED;ndices</subfield>
  </datafield>
  <datafield tag="505" ind1=" " ind2=" ">
    <subfield code="a">Generalidades de la inteligencia. -- Origen, evoluci&#xF3;n y organizaci&#xF3;n de la Direcci&#xF3;n de Inteligencia Naval (M-2), ARD. -- Logros alcanzados y resultados operacionales de la Direcci&#xF3;n de Inteligencia Naval (M-2), ARD, en la lucha contra la migraci&#xF3;n ilegal y otros delitos conexos en la Rep&#xFA;blica Dominicana (agosto 2018-octubre 2019)</subfield>
  </datafield>
  <datafield tag="700" ind1="1" ind2=" ">
    <subfield code="a"> Rodr&#xED;guez Nolasco, Juan Rafael</subfield>
    <subfield code="e">sustentante</subfield>
  </datafield>
  <datafield tag="700" ind1="1" ind2=" ">
    <subfield code="a">Feliz Ledesma</subfield>
    <subfield code="e">asesor</subfield>
  </datafield>
  <datafield tag="700" ind1="1" ind2=" ">
    <subfield code="a"> Acosta Lucas, Juan</subfield>
    <subfield code="e">asesor</subfield>
  </datafield>
  <datafield tag="830" ind1=" " ind2=" ">
    <subfield code="a">INSUDE.  Academia Naval Marina de Guerra &#x201C;Vicealmirante Cesar D&#x2019;Windt Lavandier&#x201D;. Tesis y disertaciones acad&#xE9;micas</subfield>
  </datafield>
  <datafield tag="942" ind1=" " ind2=" ">
    <subfield code="2">CL</subfield>
    <subfield code="c">T</subfield>
  </datafield>
  <datafield tag="952" ind1=" " ind2=" ">
    <subfield code="0">0</subfield>
    <subfield code="1">0</subfield>
    <subfield code="2">CL</subfield>
    <subfield code="4">0</subfield>
    <subfield code="7">1</subfield>
    <subfield code="8">TG</subfield>
    <subfield code="a">BJHA</subfield>
    <subfield code="b">BJHA</subfield>
    <subfield code="d">2021-07-27</subfield>
    <subfield code="i">01616</subfield>
    <subfield code="l">0</subfield>
    <subfield code="o">TG ANMG 01616 2019</subfield>
    <subfield code="p">01616</subfield>
    <subfield code="r">2021-07-27 00:00:00</subfield>
    <subfield code="t">e.1</subfield>
    <subfield code="w">2021-07-27</subfield>
    <subfield code="y">T</subfield>
  </datafield>
</record>
